000 00816nam a2200265 a 4500
008
020 _a0412159104(hbk)
049 _aMAIN
090 _aRA639.5
_bBUS
100 1 _aBusvine, James R.
245 1 0 _aInsects and hygiene /
_b the biology and control of insect pests of medical and domestic importance.
260 _aLondon :
_bChapman and Hall ;
_c1980.
300 _a3rd edition.
300 _avii, 568 p. :
_bill. ;
_c24 cm.
500 _aIncludes Index.
504 _aIncludes bibloigraphical references.
650 _aBiology and Control of Insect Pest
650 _aInsects and Hygiene
650 _aInsects
907 _a.b10185860
_b09-02-12
_c16-01-06
003
005 20230120203906.0
040 _cNUST
942 _cBOOKS
_kRA639.5
_mBUS
999 _c113362
_d113362